Franche-Comté en 1800 - Statistiques

Statistiques générales
  • Ce quiz a été pris 34 fois
  • Le résultat moyen est 10 sur 15
Statistiques - réponses
Villes Nombre d'habitants en 1800 % Correct
Besançon 28 436
97%
Pontarlier 3 771
97%
Belfort 4 400
93%
Lons le Saunier 6 041
93%
Dole 8 235
90%
Montbéliard 3 693
90%
Vesoul 5 417
90%
Saint-Claude 3 579
79%
Gray 5 009
59%
Luxeuil-les-Bains 3 080
48%
Ornans 3 266
34%
Salins-les-Bains 8 125
28%
Poligny 5 388
24%
Arbois 6 414
21%
Fougerolles 4 494
17%
Aucun quiz correspondant
Distribution des résultats
% des personnes avec chaque résultat
Percentile par nombre de réponses
Votre historique - résultats
Vous n’avez pas pris ce quiz